000 00275 a2200121 4500
001 153929
040 _cEscola São Tomás de Aquino
240 1 0 _aOs três porquinhos
_lpor
245 1 0 _aOs três porquinhos
440 1 _aFTD
697 _a*LITERATURA INFANTIL
942 _cBK
999 _c153929
_d153929